One hundred Arizona minerals. (Record no. 28997)

MARC details
000 -LEADER
fixed length control field 01117cam a22003251 4500
001 - CONTROL NUMBER
control field gs 55000308
003 - CONTROL NUMBER IDENTIFIER
control field DLC
005 - DATE AND TIME OF LATEST TRANSACTION
control field 20260227111403.0
008 - FIXED-LENGTH DATA ELEMENTS--GENERAL INFORMATION
fixed length control field 760218s1955 azu b s000 0 engx
010 ## - LIBRARY OF CONGRESS CONTROL NUMBER
LC control number gs 55000308
035 ## - SYSTEM CONTROL NUMBER
System control number (OCoLC)1999006
040 ## - CATALOGING SOURCE
Original cataloging agency DLC
Transcribing agency AzFU
Modifying agency OCoLC
-- DLC
042 ## - AUTHENTICATION CODE
Authentication code premarc
050 00 - LIBRARY OF CONGRESS CALL NUMBER
Classification number QE375
Item number .M6
051 ## - LIBRARY OF CONGRESS COPY, ISSUE, OFFPRINT STATEMENT
Classification number TN24.A6
Item number A35 no. 165
Copy information Copy 2.
086 0# - GOVERNMENT DOCUMENT CLASSIFICATION NUMBER
Classification number MN 1.3:B 85/165
Number source azdocs
100 1# - MAIN ENTRY--PERSONAL NAME
Personal name Moore, Richard T
245 10 - TITLE STATEMENT
Title One hundred Arizona minerals.
260 ## - PUBLICATION, DISTRIBUTION, ETC.
Place of publication, distribution, etc. Tucson,
Name of publisher, distributor, etc. University of Arizona,
Date of publication, distribution, etc. 1955.
300 ## - PHYSICAL DESCRIPTION
Extent 31 p.
Dimensions 23 cm.
490 1# - SERIES STATEMENT
Series statement Arizona. Bureau of Mines. Bulletin
Volume/sequential designation no. 165
490 1# - SERIES STATEMENT
Series statement Mineral technology series
Volume/sequential designation no. 49
500 ## - GENERAL NOTE
General note Reprinted 1966.
500 ## - GENERAL NOTE
General note University of Arizona bulletin, v. 26, no. 1, Jan. 1955.
504 ## - BIBLIOGRAPHY, ETC. NOTE
Bibliography, etc. note Bibliography: p.31.
650 #0 - SUBJECT ADDED ENTRY--TOPICAL TERM
Topical term or geographic name entry element Mineralogy
Geographic subdivision Arizona.
810 2# - SERIES ADDED ENTRY--CORPORATE NAME
Corporate name or jurisdiction name as entry element University of Arizona.
Subordinate unit State Bureau of Mines.
Title of a work Bulletin ;
Volume/sequential designation no. 165.
810 2# - SERIES ADDED ENTRY--CORPORATE NAME
Corporate name or jurisdiction name as entry element University of Arizona.
Subordinate unit State Bureau of Mines.
Title of a work Mineral technology series ;
Volume/sequential designation no. 49.
830 #0 - SERIES ADDED ENTRY--UNIFORM TITLE
Uniform title Bulletin (University of Arizona) ;
Volume/sequential designation v. 26, no. 1.

No items available.

Powered by Koha